000 00442nam a2200181Ia 4500
001 21235
005 20260306172904.0
008 260306t2005||||xx |||||||||||||| ||spa||
041 _aESP
082 _a344.311
_bQ77
100 _aQuispe Correa, Alfredo, [1936-...]
_eAUT
245 0 _aIndulto:
_bacto de gobierno
260 _c2005
300 _ax, 88 páginas :
_c21 cm.
650 _aGEN
654 _aCDE
942 _cLIB
_dJUS
_fJUS
_2ddc
_n
999 _c21235
_d21235